Catálogo público

Instrumentación y automatización de biorreactores de digestión anaeróbica / (Record no. 177178)

MARC details
000 -CABECERA
campo de control de longitud fija 03715nam a2200457 a 4500
001 - NÚMERO DE CONTROL
campo de control dia_6011
003 - IDENTIFICADOR DEL NÚMERO DE CONTROL
campo de control CHAP
005 - FECHA Y HORA DE LA ÚLTIMA TRANSACCIÓN
campo de control 20240821131414.0
007 - CAMPO FIJO DE DESCRIPCIÓN FÍSICA--INFORMACIÓN GENERAL
campo de control de longitud fija ta
008 - DATOS DE LONGITUD FIJA--INFORMACIÓN GENERAL
campo de control de longitud fija 220117s2015 mx ado frm 001 0 spa d
010 ## - NÚMERO DE CONTROL DE LA BIBLIOTECA DEL CONGRESO
Número de control de LC 177178
040 ## - FUENTE DE LA CATALOGACIÓN
Centro catalogador/agencia de origen mxchpua
Centro/agencia transcriptor CHAP
041 0# - CÓDIGO DE LENGUA
Código de lengua del texto/banda sonora o título independiente spa
Código de lengua del sumario o resumen eng
090 ## - LOCALMENTE ASIGNADO TIPO-LC NÚMERO DE CLASIFICACIÓN (OCLC); NÚMERO DE CLASIFICACIÓN LOCAL (RLIN)
Número de clasificación (OCLC) (R) ; Numero de clasificación, CALL (RLIN) (NR) Tesis
Número cutter local (OCLC) ; Número de libro/Signatura topográfica íntegra, CALL (RLIN) R36
año 2015
100 1# - ENTRADA PRINCIPAL--NOMBRE DE PERSONA
Nombre de persona Ramírez Morales, David
240 10 - TÍTULO UNIFORME
Título uniforme Instrumentation and automation of bioreactors anaerobic digestion.
Lenguaje de la obra Español
245 10 - MENCIÓN DE TÍTULO
Título Instrumentación y automatización de biorreactores de digestión anaeróbica /
Mención de responsabilidad, etc. David Ramírez Morales
264 ## - PRODUCCIÓN, PUBLICACIÓN, DISTRIBUCIÓN, FABRICACIÓN Y COPYRIGHT
Producción, publicación, distribución, fabricación y copyright Chapingo, México :
Nombre del de productor, editor, distribuidor, fabricante El autor,
Fecha de producción, publicación, distribución, fabricación o copyright 2015
300 ## - DESCRIPCIÓN FÍSICA
Extensión x, 96 hojas :
Otras características físicas ilustraciones, tablas, gráficas, fotos +
Material acompañante/anejo 1 CD-ROM
336 ## - TIPO DE CONTENIDO
Fuente rdacontent
Término de tipo de contenido texto
Código de tipo de contenido txt
337 ## - TIPO DE MEDIO
Fuente rdamedia
Nombre/término del tipo de medio no mediado
Código del tipo de medio n
338 ## - TIPO DE SOPORTE
Fuente rdacarrier
Nombre/término del tipo de soporte volumen
Código del tipo de soporte nc
502 ## - NOTA DE TESIS
Nota de tesis Tesis
Tipo de título (Ingeniero Agroindustrial) --
Nombre de la institución que otorga el título UACh. Departamento de Ingeniería Agroindustrial,
Año de obtención del título 2015
504 ## - NOTA DE BIBLIOGRAFÍA, ETC.
Nota de bibliografía, etc. Bibliografía: hojas 83-91
520 3# - SUMARIO, ETC.
Sumario, etc. Por medio de la instrumentación y automatización de los biorreactores se reduce el trabajo operativo y se aumenta la efectividad del proceso. El objetivo de este trabajo fue diseñar el sistema de instrumentación y adquisición de datos de los biorreactores así como automatizar la alimentación. El diseño involucro la caracterización de las instalaciones, el biorreactor y el proceso. Para el diseño de la instrumentación se realizó el diagrama de tuberías e instrumentos. La selección del equipo e instrumentos se fundamentó en los requerimientos del proceso, su disponibilidad y costos. El sistema de adquisición de datos se desarrolló con el software LabVIEW, tomando como variables de monitoreo a la temperatura, el pH y el flujo de biogás. La automatización de la alimentación se controló en función del tiempo de retención hidráulica. Se obtuvo un sistema versátil a las distintas condiciones de operación de los biorreactores y funcional para el monitoreo y registro de las mediciones. Asimismo se logró controlar el volumen y la frecuencia de alimentación
520 3# - SUMARIO, ETC.
Sumario, etc. Through the instrumentation and automation of work operating digesters it is reduced and the effective of the process is increased. The aim of this work was to design the system of instrumentation and data acquisition digesters and feed automation. The design involved the characterization of the laboratory, the digester and process. For the design of the instrumentation made a piping and instruments diagram. The selection of equipment and sensors was based on process requirements, availability and costs. The data acquisition system was developed with the LabVIEW software, taking as monitoring variables of temperature, pH and flow of biogas. Feed automation is controlled depending on the hydraulic retention time. Versatile to different operating conditions and functional digesters for monitoring and recording of measurement system is obtained. Also its achieved to control the volume and frequency of feeding.
650 13 - PUNTO DE ACCESO ADICIONAL DE MATERIA--TÉRMINO DE MATERIA
Término de materia o nombre geográfico como elemento de entrada Digestión anaeróbica
Fuente del encabezamiento o término atg
650 13 - PUNTO DE ACCESO ADICIONAL DE MATERIA--TÉRMINO DE MATERIA
Término de materia o nombre geográfico como elemento de entrada Biorreactores
Subdivisión general Instrumentación
Fuente del encabezamiento o término atg
650 13 - PUNTO DE ACCESO ADICIONAL DE MATERIA--TÉRMINO DE MATERIA
Término de materia o nombre geográfico como elemento de entrada Biorreactores
Subdivisión general Automatización
Fuente del encabezamiento o término atg
650 13 - PUNTO DE ACCESO ADICIONAL DE MATERIA--TÉRMINO DE MATERIA
Término de materia o nombre geográfico como elemento de entrada Anaerobic digestion
Fuente del encabezamiento o término atg
650 13 - PUNTO DE ACCESO ADICIONAL DE MATERIA--TÉRMINO DE MATERIA
Término de materia o nombre geográfico como elemento de entrada Bioreactors
Subdivisión general Automation
Fuente del encabezamiento o término atg
650 13 - PUNTO DE ACCESO ADICIONAL DE MATERIA--TÉRMINO DE MATERIA
Término de materia o nombre geográfico como elemento de entrada Bioreactors
Subdivisión general Instrumentation
Fuente del encabezamiento o término atg
700 1# - PUNTO DE ACCESO ADICIONAL--NOMBRE DE PERSONA
Nombre de persona Espinosa Solares, Teodoro
Término indicativo de función/relación director
700 1# - PUNTO DE ACCESO ADICIONAL--NOMBRE DE PERSONA
Nombre de persona Ruiz García, Agustín
Término indicativo de función/relación asesor
700 1# - PUNTO DE ACCESO ADICIONAL--NOMBRE DE PERSONA
Nombre de persona Velázquez López, Noé
Término indicativo de función/relación asesor
856 41 - LOCALIZACIÓN Y ACCESO ELECTRÓNICOS
Identificador Uniforme del Recurso <a href="http://10.13.5.2/tesis/sist111664.pdf">http://10.13.5.2/tesis/sist111664.pdf</a>
Texto de enlace DESCARGAR PDF
901 ## - ELEMENTOS DE DATOS A LOCAL LDA (RLIN)
a TESIS R36 2015
942 ## - ELEMENTOS DE PUNTO DE ACCESO ADICIONAL (KOHA)
Tipo de ítem Koha TESIS
Fuente del sistema de clasificación o colocación Clasificación Universidad Autónoma Chapingo
902 ## - ELEMENTOS DE DATOS B LOCAL, LDB (RLIN)
a M
905 ## - ELEMENTOS DE DATOS E LOCAL, LDE (RLIN)
a 5232272015 mx adml8223123322spa16
Holdings
Estado de retiro Estado de pérdida Fuente del sistema de clasificación o colocación Estado dañado Restricciones de uso No para préstamo Código de colección Localización permanente Ubicación/localización actual Fecha de adquisición Fuente de adquisición Total de préstamos Signatura topográfica completa Código de barras Fecha visto por última vez Número de copia Precio válido a partir de Tipo de ítem Koha Ubicación en estantería
    Clasificación Universidad Autónoma de Chapingo   Préstamo interno   Tesis Ingenieria Agroindustrial Ingenieria Agroindustrial 18/01/2022 El autor   Tesis R36 2015 1101009415 18/01/2022 Ej.3 18/01/2022 CD  
    Clasificación Universidad Autónoma de Chapingo   Préstamo interno   Tesis Ingenieria Agroindustrial Ingenieria Agroindustrial 18/01/2015 El autor   Tesis R36 2015 1101009413 02/02/2026 Ej.1 18/01/2015 Tesis  
    Clasificación Universidad Autónoma de Chapingo   Préstamo interno   Tesis Ingenieria Agroindustrial Ingenieria Agroindustrial 18/01/2015 El autor   Tesis R36 2015 1101009414 18/01/2022 Ej.2 18/01/2015 CD  
    Clasificación Universidad Autónoma de Chapingo       Tesis digitales de Licenciatura Ingenieria Agroindustrial Ingenieria Agroindustrial 18/01/2015 El autor     1201009413 21/08/2024   21/08/2024 Tesis digital En línea